[Event "Hastings Weekend Open"]
[Site "Hastings"]
[Date "2024.01.07"]
[Round "5.11"]
[White "Kovalskyi, Roman"]
[Black "Boucquet, Emile"]
[Result "1-0"]
[WhiteElo "2009"]
[BlackElo "2199"]
[PlyCount "99"]
[EventDate "2024.01.06"]
[EventType "swiss"]
[EventRounds "5"]
[EventCountry "ENG"]
[SourceTitle "The Week in Chess 1522"]
[Source "Mark Crowther"]
[SourceDate "2024.01.08"]
[SourceVersion "1"]
[SourceVersionDate "2024.02.04"]
[SourceQuality "2"]

1. e4 c5 2. Nf3 d6 3. d4 Nf6 4. Nc3 cxd4 5. Nxd4 a6 6. Be3 e5 7. Nb3 Be6 8. f3
Be7 9. Qd2 O-O 10. O-O-O b5 11. g4 Nbd7 12. g5 Nh5 13. Rg1 Qc7 14. Kb1 Rfc8 15.
Qf2 b4 16. Nd5 Bxd5 17. exd5 a5 18. Bb5 a4 19. Nc1 Nb8 20. Rg4 Nf4 21. Bxf4
exf4 22. Rxf4 Qa5 23. Qe1 Bxg5 24. Rc4 Na6 25. Rxc8+ Rxc8 26. Bxa6 Qxa6 27.
Qxb4 Rc4 28. Qb8+ Rc8 29. Qb4 h6 30. Qe4 Qb5 31. a3 Rc4 32. Qd3 Qc5 33. Qe2 Bf6
34. Na2 Qb5 35. c3 g6 36. Qc2 Rh4 37. Nb4 Be5 38. Rd2 Qf1+ 39. Ka2 Qxf3 40.
Qxa4 Bf4 41. Qe8+ Kg7 42. Re2 Be5 43. Rxe5 dxe5 44. Qxe5+ Kh7 45. d6 Rh5 46.
Qd4 Rxh2 47. d7 Qe2 48. c4 Qf1 49. d8=Q Qh1 50. Q4h8# 1-0

[Event "Hastings Weekend Open"]
[Site "Hastings"]
[Date "2024.01.07"]
[Round "5.12"]
[White "Norinkeviciute, Rasa"]
[Black "Liu, Tianyi (Jack)"]
[Result "0-1"]
[WhiteElo "1905"]
[BlackElo "2030"]
[PlyCount "40"]
[EventDate "2024.01.06"]
[EventType "swiss"]
[EventRounds "5"]
[EventCountry "ENG"]
[SourceTitle "The Week in Chess 1522"]
[Source "Mark Crowther"]
[SourceDate "2024.01.08"]
[SourceVersion "1"]
[SourceVersionDate "2024.02.04"]
[SourceQuality "2"]

1. c4 e5 2. g3 Nf6 3. Bg2 d5 4. cxd5 Nxd5 5. Nc3 Nb6 6. Nf3 Nc6 7. d3 Be7 8. a3
O-O 9. Be3 Be6 10. Na4 e4 11. dxe4 Qxd1+ 12. Rxd1 Nxa4 13. b4 Rad8 14. Rc1 a6
15. Bf4 Rd7 16. h3 Nb2 17. Rb1 Nc4 18. b5 axb5 19. Rxb5 Nxa3 20. Rb2 Bb4+ 0-1

[Event "Hastings Weekend Open"]
[Site "Hastings"]
[Date "2024.01.07"]
[Round "5.13"]
[White "Patel, Zain"]
[Black "Onuoha, Obioma"]
[Result "1-0"]
[WhiteElo "1840"]
[BlackElo "1995"]
[PlyCount "65"]
[EventDate "2024.01.06"]
[EventType "swiss"]
[EventRounds "5"]
[EventCountry "ENG"]
[SourceTitle "The Week in Chess 1522"]
[Source "Mark Crowther"]
[SourceDate "2024.01.08"]
[SourceVersion "1"]
[SourceVersionDate "2024.02.04"]
[SourceQuality "2"]

1. d4 d5 2. c4 e6 3. Nc3 f5 4. Nf3 Nf6 5. Bf4 c6 6. e3 Be7 7. Be2 O-O 8. O-O
Nbd7 9. Rc1 Ng4 10. h3 Ngf6 11. Qc2 Ne4 12. Nxe4 fxe4 13. Ne5 Bg5 14. Bh2 Rf6
15. Qb3 Qb6 16. Qa3 Nxe5 17. Bxe5 Rf7 18. f3 Be7 19. Bd6 exf3 20. Bxe7 fxe2 21.
Rxf7 Kxf7 22. Bh4 Qc7 23. Re1 b6 24. Rxe2 c5 25. Qd3 Kg8 26. cxd5 c4 27. Qe4
Qb7 28. Rf2 Qxd5 29. Qf4 h5 30. Qf8+ Kh7 31. Rf7 Qxg2+ 32. Kxg2 Bb7+ 33. Kf2
1-0

[Event "Hastings Weekend Open"]
[Site "Hastings"]
[Date "2024.01.07"]
[Round "5.14"]
[White "Chandler, Clifford R"]
[Black "Rastogi, Nayan Keats"]
[Result "1/2-1/2"]
[WhiteElo "2206"]
[BlackElo "1650"]
[PlyCount "48"]
[EventDate "2024.01.06"]
[EventType "swiss"]
[EventRounds "5"]
[EventCountry "ENG"]
[SourceTitle "The Week in Chess 1522"]
[Source "Mark Crowther"]
[SourceDate "2024.01.08"]
[SourceVersion "1"]
[SourceVersionDate "2024.02.04"]
[SourceQuality "2"]

1. e4 c5 2. b4 cxb4 3. a3 b3 4. cxb3 e6 5. Bb2 Nf6 6. e5 Nd5 7. Nc3 Nxc3 8.
Bxc3 Be7 9. Nf3 O-O 10. Bd3 Nc6 11. Qe2 d6 12. exd6 Qxd6 13. O-O Qd8 14. b4 Bf6
15. b5 Nd4 16. Qe4 Nxf3+ 17. Qxf3 Rb8 18. Rac1 b6 19. Be4 Bxc3 20. dxc3 Qe7 21.
c4 Bb7 22. Bxb7 Rxb7 23. Rc3 Rc7 24. Rfc1 Rc5 1/2-1/2

[Event "Hastings Weekend Open"]
[Site "Hastings"]
[Date "2024.01.07"]
[Round "5.15"]
[White "Steiners, Emils"]
[Black "Homer, Stephen J"]
[Result "1-0"]
[WhiteElo "2021"]
[BlackElo "2045"]
[PlyCount "143"]
[EventDate "2024.01.06"]
[EventType "swiss"]
[EventRounds "5"]
[EventCountry "ENG"]
[SourceTitle "The Week in Chess 1522"]
[Source "Mark Crowther"]
[SourceDate "2024.01.08"]
[SourceVersion "1"]
[SourceVersionDate "2024.02.04"]
[SourceQuality "2"]

1. d4 Nf6 2. c4 e6 3. Nc3 Bb4 4. e3 O-O 5. Bd3 c5 6. a3 Bxc3+ 7. bxc3 d6 8. Ne2
Nc6 9. O-O b6 10. Ng3 Ba6 11. Qe2 e5 12. d5 Na5 13. Rb1 e4 14. Nxe4 Nxe4 15.
Bxe4 Bxc4 16. Bd3 Bxd3 17. Qxd3 c4 18. Qe2 f5 19. Re1 Qf6 20. Bb2 Rae8 21. Rbd1
b5 22. a4 a6 23. axb5 axb5 24. Ba3 Nb3 25. Bb4 Ra8 26. f3 Ra4 27. e4 Rd8 28. e5
dxe5 29. Qxe5 Qxe5 30. Rxe5 Rxb4 31. cxb4 c3 32. Re2 Nd2 33. Rc1 Rxd5 34. Rxc3
Nc4 35. Re7 f4 36. h4 Rd1+ 37. Kh2 h5 38. Re4 Rb1 39. Rxf4 Rxb4 40. Rd3 Rb2 41.
Rd8+ Kh7 42. Rd5 Ne3 43. Rxh5+ Kg8 44. Rg5 b4 45. Rb5 Rxg2+ 46. Kh3 Rg1 47.
Rfxb4 Rd1 48. Re4 Rd3 49. Kg3 Nf1+ 50. Kf2 Nd2 51. Ke2 Nxe4 52. Kxd3 Nf6 53.
Ke3 Kh7 54. Kf4 Kg6 55. Rg5+ Kf7 56. Kf5 Nd5 57. Ke5 Nf6 58. f4 Nd7+ 59. Kf5
Nf6 60. h5 Ng8 61. Ke5 Ne7 62. Kd6 Ng8 63. Rg6 Nf6 64. Rg5 Ne4+ 65. Kd7 Nf6+
66. Kc6 Kf8 67. Rf5 Ke7 68. Re5+ Kf7 69. Kd6 Ng8 70. Rf5+ Nf6 71. h6 gxh6 72.
Ke5 1-0

[Event "Hastings Weekend Open"]
[Site "Hastings"]
[Date "2024.01.07"]
[Round "5.18"]
[White "Nguyen, Anh"]
[Black "Isaacs, Ruairi"]
[Result "1-0"]
[WhiteElo "1648"]
[BlackElo "1466"]
[PlyCount "50"]
[EventDate "2024.01.06"]
[EventType "swiss"]
[EventRounds "5"]
[EventCountry "ENG"]
[SourceTitle "The Week in Chess 1522"]
[Source "Mark Crowther"]
[SourceDate "2024.01.08"]
[SourceVersion "1"]
[SourceVersionDate "2024.02.04"]
[SourceQuality "2"]

1. e4 c5 2. Nf3 d6 3. d4 cxd4 4. Nxd4 Nf6 5. Nc3 a6 6. Be3 e5 7. Nb3 Be6 8. f3
Nbd7 9. Qd2 Be7 10. O-O-O b5 11. g4 Nb6 12. Qf2 Nc4 13. Bxc4 Bxc4 14. Kb1 O-O
15. h4 Qb8 16. h5 a5 17. g5 Nd7 18. g6 h6 19. Qd2 f5 20. Bxh6 f4 21. Nd5 Bd8
22. Bxg7 Kxg7 23. Rdg1 Kh6 24. g7 Rg8 25. Qg2 Bxd5 1-0

[Event "Hastings Weekend Open"]
[Site "Hastings"]
[Date "2024.01.07"]
[Round "5.19"]
[White "Marusenko, Petr"]
[Black "Hollesen, Kurt"]
[Result "1/2-1/2"]
[WhiteElo "2032"]
[BlackElo "1916"]
[PlyCount "108"]
[EventDate "2024.01.06"]
[EventType "swiss"]
[EventRounds "5"]
[EventCountry "ENG"]
[SourceTitle "The Week in Chess 1522"]
[Source "Mark Crowther"]
[SourceDate "2024.01.08"]
[SourceVersion "1"]
[SourceVersionDate "2024.02.04"]
[SourceQuality "2"]

1. d4 d5 2. c4 e6 3. Nc3 f5 4. g3 Nf6 5. Bg2 c6 6. Nf3 Bd6 7. b3 Nbd7 8. O-O
Ne4 9. Qc2 O-O 10. Bf4 Bxf4 11. gxf4 Kh8 12. e3 Rg8 13. Kh1 Qe8 14. Ne5 Nxc3
15. Qxc3 Nxe5 16. fxe5 g5 17. Qd2 Qh5 18. Qd1 Qxd1 19. Rfxd1 Bd7 20. Rac1 h5
21. b4 a6 22. a4 h4 23. b5 axb5 24. axb5 Ra2 25. Kg1 Rga8 26. bxc6 bxc6 27.
cxd5 exd5 28. Rb1 g4 29. Rb7 R8a7 30. Rxa7 Rxa7 31. Rb1 h3 32. Bf1 Kg7 33. f3
Kg6 34. Kf2 Kg5 35. Kg3 Ra3 36. Re1 Be8 37. Re2 Bd7 38. Kf2 Be8 39. Rb2 f4 40.
exf4+ Kxf4 41. fxg4 Kxg4 42. Be2+ Kf5 43. Rb8 Bd7 44. Rh8 Kg5 45. Rh5+ Kg6 46.
Rh8 Ra2 47. Rg8+ Kf7 48. Rg3 Ra4 49. Bh5+ Kf8 50. Rf3+ Ke7 51. Rf7+ Kd8 52. Rf4
Ra2+ 53. Be2 Ke7 54. Rh4 Bf5 1/2-1/2

[Event "Hastings Weekend Open"]
[Site "Hastings"]
[Date "2024.01.07"]
[Round "5.20"]
[White "Butt, Laurence"]
[Black "Alcindor, Samuel"]
[Result "0-1"]
[WhiteElo "1688"]
[BlackElo "1745"]
[PlyCount "142"]
[EventDate "2024.01.06"]
[EventType "swiss"]
[EventRounds "5"]
[EventCountry "ENG"]
[SourceTitle "The Week in Chess 1522"]
[Source "Mark Crowther"]
[SourceDate "2024.01.08"]
[SourceVersion "1"]
[SourceVersionDate "2024.02.04"]
[SourceQuality "2"]

1. d4 Nf6 2. Bg5 g6 3. Nc3 d5 4. Qd2 Bf5 5. f3 c6 6. O-O-O Nbd7 7. g4 Be6 8. h4
h5 9. gxh5 Nxh5 10. Bh3 Bxh3 11. Nxh3 Qa5 12. e4 dxe4 13. fxe4 O-O-O 14. Kb1 f6
15. Be3 Kb8 16. Qh2+ Ka8 17. Rhg1 Bh6 18. Qd2 Bxe3 19. Qxe3 Rdg8 20. Rg2 e5 21.
d5 cxd5 22. Nxd5 Qc5 23. Qg1 Rh6 24. Qe1 Nb6 25. Nf2 Nf4 26. Nxf4 exf4 27. Ng4
Rhh8 28. Nxf6 Rc8 29. Nd5 f3 30. Nxb6+ axb6 31. Rf2 Rxh4 32. Rxf3 Qxc2+ 33. Ka1
Rxe4 34. Ra3+ Ra4 35. Rxa4+ Qxa4 36. b3 Qc6 37. Qd2 Qc3+ 38. Qxc3 Rxc3 39. Rd8+
Ka7 40. Rg8 Rg3 41. Kb2 b5 42. b4 Kb6 43. Rg7 Kc6 44. a3 g5 45. Rg8 g4 46. Rc8+
Kb6 47. Rc1 Rf3 48. Rc5 g3 49. Rg5 Kc6 50. Rc5+ Kb6 51. Rg5 Rd3 52. Rg6+ Kc7
53. Rg5 Kc6 54. Rc5+ Kd6 55. Rxb5 Rd5 56. Rb6+ Ke5 57. Rxb7 Kf4 58. Rc7 Kf3 59.
Rc3+ Kf2 60. Rxg3 Kxg3 61. Kc3 Kf4 62. Kc4 Ke5 63. a4 Kd6 64. b5 Rg5 65. Kb4
Kc7 66. a5 Kb7 67. Kc4 Rg4+ 68. Kc5 Rh4 69. a6+ Ka7 70. Kc6 Rh7 71. Kc5 Rh6 0-1

[Event "Hastings Weekend Open"]
[Site "Hastings"]
[Date "2024.01.07"]
[Round "5.21"]
[White "Marsden, Rupert"]
[Black "Plotnikov, Dmytro"]
[Result "1/2-1/2"]
[WhiteElo "1742"]
[BlackElo "1500"]
[PlyCount "222"]
[EventDate "2024.01.06"]
[EventType "swiss"]
[EventRounds "5"]
[EventCountry "ENG"]
[SourceTitle "The Week in Chess 1522"]
[Source "Mark Crowther"]
[SourceDate "2024.01.08"]
[SourceVersion "1"]
[SourceVersionDate "2024.02.04"]
[SourceQuality "2"]

1. d4 Nf6 2. Nf3 e6 3. g3 b6 4. Bg2 Bb7 5. O-O Be7 6. c4 c5 7. b3 cxd4 8. Nxd4
Bxg2 9. Kxg2 d5 10. cxd5 Qxd5+ 11. Nf3 O-O 12. Nc3 Qb7 13. Bb2 Rd8 14. Qc2 Nc6
15. Rac1 Nd4 16. Qb1 Rd7 17. e4 Nxf3 18. Kxf3 Rad8 19. Rcd1 g5 20. Rxd7 g4+ 21.
Kg2 Rxd7 22. Qc2 Qc6 23. Rc1 Qb7 24. a3 b5 25. b4 a6 26. Kg1 e5 27. Qe2 Kg7 28.
Re1 Rd4 29. Qe3 h6 30. Bc1 Ng8 31. Nd5 Bg5 32. Qe2 Bxc1 33. Rxc1 Qd7 34. Rc7
Qe6 35. Qc2 Qg6 36. Rc8 Nf6 37. Ne7 Qxe4 38. Nf5+ Kg6 39. Nxd4 exd4 40. Qxe4+
Nxe4 41. Rd8 Nd2 42. Kg2 Nc4 43. Rxd4 Nxa3 44. Rd6+ f6 45. Rd4 Kf5 46. Rd6 Nc2
47. Rxa6 Nxb4 48. Rb6 Nd3 49. Rxb5+ Ne5 50. h3 h5 51. h4 Ke4 52. Kf1 Kf5 53.
Ke2 Ke6 54. Ke3 Kf5 55. Rb8 Nc4+ 56. Kd4 Ne5 57. Rh8 Kg6 58. Re8 Kf5 59. Rh8
Kg6 60. Ke4 Nf7 61. Rg8+ Kh7 62. Ra8 Kg6 63. f3 Nd6+ 64. Kf4 gxf3 65. Kxf3 Kf5
66. Ra5+ Kg6 67. Kf4 Nf7 68. Rd5 Nh6 69. Rd6 Nf5 70. Ra6 Ng7 71. Ke4 Nf5 72.
Ra3 Nh6 73. Kd5 Nf5 74. Rd3 Ng7 75. Kd6 Kf5 76. Rf3+ Kg4 77. Rxf6 Ne8+ 78. Ke6
Kxg3 79. Rg6+ Kxh4 80. Kd7 Kh3 81. Kxe8 h4 82. Kf7 Kh2 83. Kf6 h3 84. Kf5 Kh1
85. Kg4 h2 86. Kg3 Kg1 87. Ra6 h1=N+ 88. Kf3 Kh2 89. Rh6+ Kg1 90. Rh8 Nf2 91.
Rg8+ Kf1 92. Ra8 Nd1 93. Ra2 Ke1 94. Re2+ Kf1 95. Rh2 Ke1 96. Ke4 Nf2+ 97. Kf3
Nd1 98. Rc2 Kf1 99. Ke4 Nf2+ 100. Ke3 Nd1+ 101. Kd3 Nf2+ 102. Ke3 Nd1+ 103. Kf3
Ke1 104. Rh2 Nc3 105. Rc2 Nd1 106. Rc8 Kd2 107. Rd8+ Kc2 108. Ke2 Nc3+ 109. Ke1
Ne4 110. Rd4 Nc3 111. Rd2+ Kb3 1/2-1/2